Georgetown journal of international law

Gespeichert in:
Bibliographische Detailangaben
Format: Schriftenreihe
Sprache:Englisch
Veröffentlicht: Washington Georgetown University Law Center 2012/2013
Schlagworte:
Tags: Tag hinzufügen
Keine Tags, Fügen Sie das erste Tag hinzu!

MARC

LEADER 00000nas2a2200000 4500
001 0239350
005 20180125093721.9
022 |a 1550-5200 
041 0 |a eng 
044 |a US 
245 1 0 |a Georgetown journal of international law 
264 1 |a Washington  |b Georgetown University Law Center  |c 2012/2013 
773 0 |w eu_un_cat*0008960 
610 2 0 |a právo 
610 2 0 |a právo obchodné 
610 2 0 |a politika 
610 2 0 |a obchod medzinárodný